Advanced database technology and design (E-Book) (Record no. 192289)

000 -LEADER
fixed length control field 00945 a2200301 4500
003 - CONTROL NUMBER IDENTIFIER
control field Nust
005 - DATE AND TIME OF LATEST TRANSACTION
control field 20170207154034.0
020 ## - INTERNATIONAL STANDARD BOOK NUMBER
International Standard Book Number 0-89006-395-8 (inb.)
040 ## - CATALOGING SOURCE
Transcribing agency Nust
082 0# - DEWEY DECIMAL CLASSIFICATION NUMBER
Classification number 005.74
082 0# - DEWEY DECIMAL CLASSIFICATION NUMBER
Classification number 005.74
100 ## - MAIN ENTRY--PERSONAL NAME
Personal name Mario Piattini, Oscar Diaz, editors
245 10 - TITLE STATEMENT
Title Advanced database technology and design (E-Book)
Statement of responsibility, etc. Mario Piattini, Oscar Diaz, editors
260 ## - PUBLICATION, DISTRIBUTION, ETC.
Place of publication, distribution, etc. Boston :
Name of publisher, distributor, etc. Artech House,
Date of publication, distribution, etc. cop. 2000
300 ## - PHYSICAL DESCRIPTION
Extent xvii, 535 s. :
Other physical details ill. ;
Dimensions 23cm
490 0# - SERIES STATEMENT
Series statement Artech House computing library
505 ## - FORMATTED CONTENTS NOTE
Formatted contents note Part I: Fundamentals (Page-1) Part II: Advanced Technologies (Page-59) Part III: Advanced Design Issues (Page-437)
650 #7 - SUBJECT ADDED ENTRY--TOPICAL TERM
Topical term or geographic name entry element Database design
650 #7 - SUBJECT ADDED ENTRY--TOPICAL TERM
Topical term or geographic name entry element databaser
650 #7 - SUBJECT ADDED ENTRY--TOPICAL TERM
Topical term or geographic name entry element databaser
650 #7 - SUBJECT ADDED ENTRY--TOPICAL TERM
Topical term or geographic name entry element Databases
650 #7 - SUBJECT ADDED ENTRY--TOPICAL TERM
Topical term or geographic name entry element Databashantering
650 #7 - SUBJECT ADDED ENTRY--TOPICAL TERM
Topical term or geographic name entry element Databashantering
650 #7 - SUBJECT ADDED ENTRY--TOPICAL TERM
Topical term or geographic name entry element Databashanteringssystem
651 ## - SUBJECT ADDED ENTRY--GEOGRAPHIC NAME
Geographic name (E-Book)
700 1# - ADDED ENTRY--PERSONAL NAME
Personal name Diaz, Oscar
Relator code oth
700 1# - ADDED ENTRY--PERSONAL NAME
Personal name Piattini, Mario G.
Relator code oth
942 ## - ADDED ENTRY ELEMENTS (KOHA)
Source of classification or shelving scheme
Koha item type Book
Holdings
Withdrawn status Lost status Source of classification or shelving scheme Damaged status Not for loan Collection code Permanent Location Current Location Date acquired Total Checkouts Full call number Barcode Date last seen Price effective from Koha item type
            Military College of Signals (MCS) Military College of Signals (MCS) 12/12/2016   005.74 MCSEB-1426 12/08/2016 12/12/2016 Book
© 2023 Central Library, National University of Sciences and Technology. All Rights Reserved.